Culture Générale - Série 2558 - Statistiques

Statistiques générales
  • Ce quiz a été pris 162 fois
  • Le résultat moyen est 6 sur 10
Statistiques - réponses
Question Réponse % Correct
Quel animal est Garfield, personnage de BD créé par Jim Davis en 1978 ? chat
97%
Selon le dicton " Il ne faut pas mettre la charrue avant les ..." boeufs
95%
Combien y-a-t-il d'hectomètres dans un kilomètre ? (en chiffre) 10
93%
Produit cosmétique permettant de surligner les yeux en colorant les cils et leur donnant plus de longueur ou d'épaisseur apparente - 7 lettres commençant par " m " mascara
89%
A quel pays appartient Koh Lanta, île qui a donné son nom à l’émission de téléréalité de TF1 ? Thaïlande
57%
Renvoyer, licencier (qqn) poliment remercier
49%
A quelle réalisation associe-t-on Ferdinand de Lesseps (1805-1894) ? - 3 mots - canal de Suez
47%
Quelle était la profession d'Eugène Poubelle - inventeur de la poubelle ? préfet
38%
Quel animal peut être appelé "carassin" ? poisson
30%
Quel nom portait le premier satellite artificiel français lancé le 26 novembre 1965 ? - voir photo Astérix
11%
Aucun quiz correspondant
Distribution des résultats
% des personnes avec chaque résultat
Percentile par nombre de réponses
Votre historique - résultats
Vous n’avez pas pris ce quiz